<?xml version="1.0" encoding="UTF-8"?>
<collection xmlns="http://www.loc.gov/MARC21/slim">
 <record>
  <leader>00530nam a22001815a 4500</leader>
  <controlfield tag="001">EHU.bham024856</controlfield>
  <controlfield tag="003">AR-BHAM</controlfield>
  <controlfield tag="005">20130508102808.0</controlfield>
  <controlfield tag="008">130507s1942##################000#0#####d</controlfield>
  <datafield tag="082" ind1="M" ind2="8">
   <subfield code="a">868.4</subfield>
  </datafield>
  <datafield tag="100" ind1="1" ind2=" ">
   <subfield code="a">Reyes, Alfonso</subfield>
  </datafield>
  <datafield tag="245" ind1="1" ind2="0">
   <subfield code="a">Ultima tule /</subfield>
   <subfield code="c">Alfonso Reyes</subfield>
  </datafield>
  <datafield tag="260" ind1=" " ind2=" ">
   <subfield code="a">Mexico :</subfield>
   <subfield code="b">Imprenta Universitaria,</subfield>
   <subfield code="c">1942</subfield>
  </datafield>
  <datafield tag="300" ind1=" " ind2=" ">
   <subfield code="a">250 p.</subfield>
  </datafield>
  <datafield tag="653" ind1=" " ind2=" ">
   <subfield code="a">Donacion lejarraga</subfield>
  </datafield>
  <datafield tag="653" ind1=" " ind2=" ">
   <subfield code="a">Literatura mexicana</subfield>
  </datafield>
  <datafield tag="653" ind1=" " ind2=" ">
   <subfield code="a">Literatura mexicana-1911-</subfield>
  </datafield>
  <datafield tag="859" ind1=" " ind2=" ">
   <subfield code="a">AR-BHAM</subfield>
   <subfield code="b">BIB. HUMANIDADES - General</subfield>
   <subfield code="h">M868.4</subfield>
   <subfield code="i">R331-1</subfield>
   <subfield code="k">M</subfield>
   <subfield code="p">583.02</subfield>
   <subfield code="t">Ej.1</subfield>
  </datafield>
 </record>
</collection>
